000 00291nam a22001337a 4500
008 170419b xxu||||| |||| 00| 0 eng d
020 _a047169729X
041 _aeng
080 _a573
100 _a11
101 _aSHM
245 _aBASIC MOLECULAR- BIOLOGY
_cPRICE, F.W
942 _2udc
_cBK
999 _c11225
_d11225